[Event "IECG CF.2001.0.00003 email"]
[Site "IECG email"]
[Date "2001.05.20"]
[Round "?"]
[White "Makowski, Dmitri"]
[Black "Tedesco, Edmondo"]
[Result "0-1"]
[WhiteElo "1000"]
[BlackElo "1000"]
[PlyCount "28"]
[EventDate "2001.05.20"]
[EventType "tourn (corr)"]
[EventRounds "6"]
[SourceTitle "Corr 2008"]
[Source "ChessBase"]
[SourceDate "2008.06.24"]
[SourceVersion "1"]
[SourceVersionDate "2008.06.24"]
[SourceQuality "1"]

1. e4 e5 2. d3 Nc6 3. Be3 Nf6 4. Be2 d5 5. Qd2 dxe4 6. c4 exd3 7. Bxd3 Nb4 8. a3 Nxd3+ 9. Kd1 Ne4 10. Qe2 Nf4+ 11. Qd2 Nxd2 12. Bxd2 Qd3 13. Kc1 Bf5 14. Nc3 Qc2# 0-1

[Event "IECG CF.2001.0.00003 email"]
[Site "IECG email"]
[Date "2001.05.20"]
[Round "?"]
[White "Tedesco, Edmondo"]
[Black "Paisley, Matthew"]
[Result "1-0"]
[WhiteElo "1000"]
[BlackElo "963"]
[PlyCount "61"]
[EventDate "2001.05.20"]
[EventType "tourn (corr)"]
[EventRounds "6"]
[SourceTitle "Corr 2008"]
[Source "ChessBase"]
[SourceDate "2008.06.24"]
[SourceVersion "1"]
[SourceVersionDate "2008.06.24"]
[SourceQuality "1"]

1. e4 e5 2. Nf3 Nc6 3. Bc4 Bc5 4. b4 Bxb4 5. c3 Ba5 6. d4 exd4 7. 0-0 Bb6 8. cxd4 d6 9. Nc3 Bg4 10. Bb5 Kf8 11. Be3 Bxf3 12. gxf3 Nce7 13. Kh1 c6 14. Ba4 d5 15. Rb1 Qd7 16. Rg1 Nf6 17. Bc2 Ba5 18. e5 Nh5 19. Ne2 h6 20. Rg4 g6 21. Ng3 Nxg3+ 22. hxg3 h5 23. Rh4 Bb6 24. g4 Kg7 25. Bg5 Ng8 26. gxh5 Rxh5 27. Rxh5 gxh5 28. Qd3 Kf8 29. Qh7 Bxd4 30. Bf5 Qc7 31. f4 1-0

[Event "IECG C3.2001.0.00179"]
[Site "IECG email"]
[Date "2001.03.04"]
[Round "?"]
[White "Tedesco, Edmondo"]
[Black "Nittschalk, Karl"]
[Result "1-0"]
[WhiteElo "1000"]
[BlackElo "1138"]
[PlyCount "65"]
[EventDate "2001.03.04"]
[EventType "tourn (corr)"]
[EventRounds "6"]
[SourceTitle "Corr 2008"]
[Source "ChessBase"]
[SourceDate "2008.06.24"]
[SourceVersion "1"]
[SourceVersionDate "2008.06.24"]
[SourceQuality "1"]

1. e4 e5 2. Nf3 Nc6 3. Bc4 Bc5 4. b4 Bxb4 5. c3 Bd6 6. d4 exd4 7. cxd4 Bb4+ 8. Nbd2 Bc3 9. Bxf7+ Kf8 10. Ba3+ d6 11. Bb3 Bxa1 12. Qxa1 Na5 13. Bc2 Nf6 14. 0-0 Bg4 15. Qc3 Nc6 16. e5 Nd5 17. Qb3 Nce7 18. Re1 a5 19. Ng5 h6 20. exd6 cxd6 21. Rxe7 Qxe7 22. Qxd5 Ra6 23. Bd3 Qxg5 24. Bxd6+ Rxd6 25. Qxd6+ Kf7 26. Qc7+ Kg8 27. Qb8+ Kf7 28. Qxb7+ Kf8 29. Nc4 Qc1+ 30. Bf1 Bh5 31. Qc8+ Be8 32. Qf5+ Kg8 33. Nd6 1-0